Allgemeinwissen nach Buchstabe - P - Statistiken

Allgemein
  • Dieses Quiz wurde 103 mal gespielt
  • Das Durchschnittsergebnis liegt bei 12 aus 16
Antwortstatistiken
Hint
Antwort % Korrekt
Vorname von Staat mit Lima als Hauptstadt Peru
97%
Größter Ozean der Erde Pazifik
95%
Zwergplanet, galt bis 2006 als der äußerste Planet unseres Sonnensystems Pluto
93%
Christlicher Feiertag, 50 Tage nach Ostern Pfingsten
91%
Längster Fluss Italiens & umgangssprachlich für ein Körperteil Po
91%
Berühmte Kinderbuchfigur von Astrid Lindgren Pippi Langstrumpf
89%
Südostasiatisches Land mit über 7000 Inseln Philippinen
86%
Gebirge zwischen Spanien und Frankreich Pyrenäen
81%
Spanischer Maler des Kubismus Pablo Picasso
78%
Mythologischer Feuervogel Phönix
72%
Positiv geladenes Elementarteilchen (im Atomkern) Proton
72%
Hauptstadt der Republik Kosovo Pristina
68%
Griechischer Philosoph, Lehrer von Aristoteles Platon
65%
Deutscher Physiker, gilt als Begründer der Quantenphysik (Nachname) Max Planck
52%
Tempel auf der Athener Akropolis Parthenon
32%
Antikes Seefahrervolk und Erfinder des Alphabets Phönizier
28%
Keine übereinstimmenden Quizze gefunden
Verteilung der Resultate
Anzahl Personen mit jedem Resultat
Perzentil nach korrekt beantworteten Fragen
Ihre Resultats-Entwicklung
Sie haben dieses Quiz noch nicht gespielt